1099 1349 1908 1740 1111 1294 1845 1793 1540 1592 1900 1945 1622 1934 1360 1366 1376 1318 1659 1274 1104 1560 1055 1195 1894 1049 1780 1218 1615 1299 1248 1434 1381 1907 1811 1810 1750 1864 1722 1400 1845 1410 1443 1025 1780 1032 1990 1651 1218 1410 1739 1943 1590 1293 1864 1928 1143 1333 1966 1644 1683 1773 1142 1041 1982 1388 1672 1208 1136 1573 1195 1710 1839 1925 1402 1550 1245 1757 1747 1748 1250 1449 1467 1183 1159 1604 1258 1693 1357 1902 1187 1844 1775 1821 1400 1249 1705 1572 1355 BCNSPRNW ULIB Ver.6.0+V

เปลี่ยนเป็นภาษาไทย

Change to English
 แสดงรายละเอียดบรรณานุกรม
  กลับหน้าหลัก

Brief Record : Get Marc (ISO 2709) : E-mail record : QR code < ปิดหน้าต่าง
LEADER : 00000nam 2200000uu 4500
001    13399120066
003     ULIB
008    110220s2553||||th 000 0 tha d
020    9749626931
020    9789749626931
060 04 WY150^bก496 ล.4
110 2  กระทรวงสาธารณสุข. ^bสถาบันพระบรมราชชนก.^bโครงการสวัสดิการวิชาการ
245 10 การพยาบาลผู้ใหญ่และผู้สูงอายุ เล่ม 4 /^cสถาบันพระบรมราชชนกกระทรวงสาธารณสุข
250    พิมพ์ครั้งที่ 11 (ปรับปรุงครั้งที่1)
260    นนทบุรี :^bโครงการสวัสดิการวิชาการ สถาบันพระบรมราชชนกกระทรวงสาธารณสุข,^c2553
300    [12], 375 หน้า :^bภาพประกอบ ;^c26 ซม.
650  2 Geriatric Nursing
650  7 การพยาบาลผู้สูงอายุ
650  7 การพยาบาลเวชศาสตร์วัยชรา
650  7 ผู้สูงอายุ
650  7 ภาวะฉุกเฉิน^xการพยาบาล
945    ^p150^l0^i032582
945    ^p150^l0^i032583
945    ^p150^l0^i032584
945    ^p150^l0^i032585
945    ^p150^l0^i032586
945    ^p150^l0^i032587
945    ^p150^l0^i032588
945    ^p150^l0^i032589
995    ทศพร
999 ^a ใช้งานได้ทุกระบบ
รายการนี้ยังไม่มีแท็ก
คุณยังไม่ได้ล็อกอิน คุณสามารถมีกิจกรรมร่วมกับเว็บไซต์ได้ แต่ต้องล็อกอินก่อน ::
  ล็อกอิน

รายการสื่อสารสนเทศ

ลำดับที่ ประเภท เลขเรียก/บาร์โค้ด สถานที่ สถานะ
1. วิทยาศาสตร์การแพทย์ และสุขภาพ
หนังสือสำรอง
สถานะ=หนังสือสำรอง
WY150 ก496 ล.4 ฉ.1 
  Barcode: 032582
ห้องสมุดวิทยาเขตสวรรค์ประชารักษ์
►ส่วนจัดเก็บหนังสือเก่า สปร
บนชั้น
  ขอยืม
2. วิทยาศาสตร์การแพทย์ และสุขภาพ
วิทยาศาสตร์การแพทย์ และสุขภาพ
WY150 ก496 ล.4 ฉ.2 
  Barcode: 032583
ห้องสมุดวิทยาเขตสวรรค์ประชารักษ์
►ส่วนจัดเก็บหนังสือเก่า สปร
บนชั้น
  ขอยืม
3. วิทยาศาสตร์การแพทย์ และสุขภาพ
วิทยาศาสตร์การแพทย์ และสุขภาพ
WY150 ก496 ล.4 ฉ.3 
  Barcode: 032584
ห้องสมุดวิทยาเขตสวรรค์ประชารักษ์
►ส่วนจัดเก็บหนังสือเก่า สปร
บนชั้น
  ขอยืม
4. วิทยาศาสตร์การแพทย์ และสุขภาพ
วิทยาศาสตร์การแพทย์ และสุขภาพ
WY150 ก496 ล.4 ฉ.4 
  Barcode: 032585
ห้องสมุดวิทยาเขตสวรรค์ประชารักษ์
►ส่วนจัดเก็บหนังสือเก่า สปร
บนชั้น
  ขอยืม
5. วิทยาศาสตร์การแพทย์ และสุขภาพ
วิทยาศาสตร์การแพทย์ และสุขภาพ
WY150 ก496 ล.4 ฉ.5 
  Barcode: 032586
ห้องสมุดวิทยาเขตสวรรค์ประชารักษ์
►ส่วนจัดเก็บหนังสือเก่า สปร
บนชั้น
  ขอยืม
6. วิทยาศาสตร์การแพทย์ และสุขภาพ
วิทยาศาสตร์การแพทย์ และสุขภาพ
WY150 ก496 ล.4 ฉ.6 
  Barcode: 032587
ห้องสมุดวิทยาเขตสวรรค์ประชารักษ์
►ส่วนจัดเก็บหนังสือเก่า สปร
บนชั้น
  ขอยืม
7. วิทยาศาสตร์การแพทย์ และสุขภาพ
วิทยาศาสตร์การแพทย์ และสุขภาพ
WY150 ก496 ล.4 ฉ.7 
  Barcode: 032588
ห้องสมุดวิทยาเขตสวรรค์ประชารักษ์
►ส่วนจัดเก็บหนังสือเก่า สปร
บนชั้น
  ขอยืม
8. วิทยาศาสตร์การแพทย์ และสุขภาพ
วิทยาศาสตร์การแพทย์ และสุขภาพ
WY150 ก496 ล.4 ฉ.8 
  Barcode: 032589
ห้องสมุดวิทยาเขตสวรรค์ประชารักษ์
►ส่วนจัดเก็บหนังสือเก่า สปร
บนชั้น
  ขอยืม

รายการใกล้เคียง
    หัวเรื่อง [Geriatric Nursing]
    หัวเรื่อง [การพยาบาลผู้สูงอายุ]
    หัวเรื่อง [การพยาบาลเวชศาสตร์วัยชรา]
    หัวเรื่อง [ผู้สูงอายุ]

BibComment


ยังไม่เคยถูกคอมเมนท์

คอมเมนท์ทรัพยากรรายการนี้
  คอมเมนท์: การพยาบาลผู้ใหญ่แ..


 Copyright 2026. Bcnsprnw @Library